Progress in botany : Genetics, physiology, systematics & ecology. 64 (Record no. 42083)

MARC details
000 -LEADER
fixed length control field 00372nam a2200133Ia 4500
020 ## - INTERNATIONAL STANDARD BOOK NUMBER
ISBN 3540436200
082 ## - DEWEY DECIMAL CLASSIFICATION NUMBER
Classification number 581
Item number ESS
245 #0 - TITLE STATEMENT
Title Progress in botany : Genetics, physiology, systematics & ecology. 64
260 ## - PUBLICATION, DISTRIBUTION, ETC. (IMPRINT)
Place of publication Berlin
Name of publisher Springer-Verlag
Year of publication 2003
650 ## - SUBJECT ADDED ENTRY--TOPICAL TERM
Topical Term Plant ecology
700 ## - ADDED ENTRY--PERSONAL NAME
Personal name Esser, Bochum K
942 ## - ADDED ENTRY ELEMENTS (KOHA)
Koha item type Books
Holdings
Withdrawn status Lost status Damaged status Not for loan Home library Current library Date acquired Cost, normal purchase price Full call number Accession Number Koha item type
        RRII Library RRII Library 16/12/2021 199.95 581 ESS 22360 Books